01415naa a2200217 i 45000010005000000030009000050050017000140080039000310400021000700410008000910440008000990800012001071000120001192450093002395200546003326500036008787000140009147730115010549420013011699990015011826364KOSZ 00520180309155937.0140902s2012 pl f |100 0 pol cBPKdKOSZ 005/EG beng aPOL a004.8961 aBUDNIAK, Zbigniew.d1996 - .bPolitechnika Koszalińska - Wydział Mechaniczny,cKatedra Inżynierii Mechanicznej10aSimulation of the movement of four-bar spatial linkage /cZbigniew Budniak, Tadeusz Bil. aW artykule zaprezentowano wykorzystanie możliwości współczesnych systemów CAD/CAE do modelowania i analizy kinematycznej przestrzennego czteroczłonowego mechanizmu 4R. Bardzo istotnym punktem prezentowanej pracy było sprawdzenie poprawności opracowanego modelu matematycznego przestrzennego mechanizmu 4R, opracowanie modeli parametrycznych części i założenia, przeprowadzenie analizy kolizji elementów mechanizmów w ruchu, modyfikacji konstrukcji w celu uniknięcia kolizji oraz jej wizualizacji w tym jej animacji. 0aProgramowanie - oprogramowanie.1 aBIL, Tadeusz.d1996 - .bPolitechnika Koszalińska - Wydział Mechaniczny,cKatedra Procesów i Urządzeń Przemysłu Spożywczego0 iW :tInternational Journal of Applied Mechanics and Engineering. -g2012, Vol. 17, nr 3, s. 723-732x1425-1655 cART2UKD c6364d6364